000 00946nam2a22002531 4500
001 RU\NLR\INFOCOMM\1000032744
005 20250617150228.0
035 _a(NLR Aleph) 002732751
090 _a1979770
_c1979770
100 _a20040126d1906 |||y0rusy50 ca
101 0 _arus
102 _aRU
105 _ay |||||||||
200 1 _aЗахват
_fМарриот Ч.
210 _d1906
_aБ. м.
461 0 _1001RU\NLR\INFOCOMM\1000032741
_12001#$aВсеобщая библиотека$eБеспл. прил. к журн. "Всемирная новь"$v1906, Кн.5
_91979743
_cСПб.
_d[1906-1914]
_nА.А. Каспари
_oБеспл. прил. к журн. "Всемирная новь"
_tВсеобщая библиотека
_v1906, Кн.5
700 1 _aМарриот
_bЧ.
_4070
801 1 _aRU
_bInfoComm
_c20040126
801 0 _aRU
_bNLR
_gPSBO
852 _aNLR
_j34.15.8.13-14
942 _cISSUE
980 _aNB
980 _aRUSPER